00574nam a2200193Ia 4500999001700000003000400017005001700021008004100038020001800079040000900097082002300106100003000129245008600159250001200245260004800257300000900305650001400314942005200328 c11266d11266OSt20191221100236.0190216s9999||||xx |||||||||||||| ||und|| a9780198075349 coclc a338.5024658bSAL/M aSalvatore, Dominick 9459 0aManagerial Economics Principles And World Wide Applications /cDominick Salvatore a7th ed. bOxford University Press,c2013.aNew Delhi: a708p aEconomics cBK2ddch338.5024658iSAL/Mk338.5024658mSAL/M